Normal view
MARC view
Entry Personal Name
001 - CONTROL NUMBER
- control field: 343624
003 - CONTROL NUMBER IDENTIFIER
- control field: OSt
005 - DATE AND TIME OF LATEST TRANSACTION
- control field: 20220926040434.0
008 - FIXED-LENGTH DATA ELEMENTS
- fixed length control field: 220926|| aca||aabn | a|a d
040 ## - CATALOGING SOURCE
- Original cataloging agency: OSt
- Transcribing agency: OSt
100 ## - HEADING--PERSONAL NAME
- Personal name: Bastiat Frederic
670 ## - SOURCE DATA FOUND
- Source citation: Work cat.: (OSt)664756: Bastiat Frederic, Selected essays on political economy. Tr. by Seymo, 1964
